000 00287nam a22001337a 4500
008 170616b xxu||||| |||| 00| 0 eng d
020 _a0944029329
041 _aeng
080 _a94
100 _a16
101 _aSHH
245 _aCRISES AFTER THE STORM
_cWHITE,P.K
942 _2udc
_cBK
999 _c17735
_d17735